000 00341nam a2200121Ia 4500
008 220203s9999 xx 000 0 und d
100 _aR. G. Unny
245 0 _aStudy of Co-operative Rubber Marketing Societies
260 _bRubber Research Institute of India
_aKottayam
_c1974
650 _aEconomics
700 _aV. Haridasan
942 _cPN
999 _c45056
_d45056